Online
Catalog

Colección de documentos inéditos, realtivos al descubrimiento, conquista y organización de las antiguas poseciones españolas en América y Oceanía sacado en su mayor parte del real archivosl de Indias / (Record no. 34153)

MARC details
000 -CABECERA
campo de control de longitud fija 01618nam a2200289 a 4500
001 - NÚMERO DE CONTROL
campo de control 000034662
003 - IDENTIFICADOR DEL NÚMERO DE CONTROL
campo de control DO-SdBNP
005 - FECHA Y HORA DE LA ÚLTIMA TRANSACCIÓN
campo de control 20250602113835.0
008 - DATOS DE LONGITUD FIJA--INFORMACIÓN GENERAL
campo de control de longitud fija 110831s1864 dr 000 0 spa d
040 ## - FUENTE DE LA CATALOGACIÓN
Centro catalogador/agencia de origen DO-SdBNP
Lengua de catalogación spa
Centro/agencia transcriptor BNPHU
049 ## - FONDOS LOCALES (OCLC)
Fondos de biblioteca BNPR
082 ## - NÚMERO DE LA CLASIFICACIÓN DECIMAL DEWEY
Número de clasificación 970.016
Número de documento/Ítem C691d, 1864-
245 00 - MENCIÓN DE TÍTULO
Título Colección de documentos inéditos, realtivos al descubrimiento, conquista y organización de las antiguas poseciones españolas en América y Oceanía sacado en su mayor parte del real archivosl de Indias /
Mención de responsabilidad, etc. bajo la dirección los señores Dr. Juanquín F. Pacheco, Dr. Francisco de Cardenas y Luis Torres de Mendoza.
260 ## - PUBLICACIÓN, DISTRIBUCIÓN, ETC.
Lugar de publicación, distribución, etc. Madrid :
Nombre del editor, distribuidor, etc. Imprenta Española,
Fecha de publicación, distribución, etc. 1864.
300 ## - DESCRIPCIÓN FÍSICA
Extensión 42v. ;
Dimensiones 23 cm.
500 ## - NOTA GENERAL
Nota general La biblioteca posee el volumen 2
500 ## - NOTA GENERAL
Nota general A partir del v. 4 el subtít. es: Sacados de los archivos del Reino y muy especialmente del de Indias. -- Tít. en anteport.: Colección de documentos inéditos del archivo de Indias. -- v.1-2:1864; v.3-4:1865; v.5-6:1866; v.7-8:1867; v.9-10:1868; v.11-12:1869; v.13-14:1870; v.15-16: 1871; v.17: 1872...
651 #0 - PUNTO DE ACCESO ADICIONAL DE MATERIA--NOMBRE GEOGRÁFICO
Nombre geográfico América del Sur
Subdivisión general Historia
Subdivisión cronológica Guerras de Independencia, 1806-1830
Subdivisión geográfica Españoles
Subdivisión de forma Ensayo, conferencias, etc.
9 (RLIN) 4537
651 #4 - PUNTO DE ACCESO ADICIONAL DE MATERIA--NOMBRE GEOGRÁFICO
Nombre geográfico América Latina
Subdivisión general Historia
Subdivisión cronológica 1492-1830
9 (RLIN) 59067
651 #4 - PUNTO DE ACCESO ADICIONAL DE MATERIA--NOMBRE GEOGRÁFICO
Nombre geográfico Oceanía
Subdivisión general Descubrimiento Y Exploraciones
-- Españoles
9 (RLIN) 59068
651 #4 - PUNTO DE ACCESO ADICIONAL DE MATERIA--NOMBRE GEOGRÁFICO
Nombre geográfico España
Subdivisión general Historia
9 (RLIN) 8844
700 12 - PUNTO DE ACCESO ADICIONAL--NOMBRE DE PERSONA
Nombre de persona Pacheco, Joaquín Francisco,
Fechas asociadas al nombre 1808-1865
9 (RLIN) 59069
700 12 - PUNTO DE ACCESO ADICIONAL--NOMBRE DE PERSONA
Nombre de persona Cardenas, Francisco de,
Fechas asociadas al nombre 1816-1898
9 (RLIN) 59070
700 12 - PUNTO DE ACCESO ADICIONAL--NOMBRE DE PERSONA
Nombre de persona Torres de Mendoza, Luis
Término indicativo de función/relación comp.
9 (RLIN) 59071
910 ## - DATOS DE OPCIÓN DEL USUARIO (OCLC)
Datos de opción del usuario Validado. Control de calidad MFF
942 ## - ELEMENTOS DE PUNTO DE ACCESO ADICIONAL (KOHA)
Fuente del sistema de clasificación o colocación Dewey Decimal Classification
Tipo de ítem Koha Libro
Holdings
Estado de retiro Estado de pérdida No para préstamo Código de colección Localización permanente Ubicación/localización actual Ubicación en estantería Fecha de adquisición Número de inventario Total de préstamos Signatura topográfica completa Código de barras Fecha visto por última vez Precio válido a partir de Tipo de ítem Koha Restricciones de uso
    Excluido de préstamo Patrimonio Dominicano General General Depósito 13.10.2011 LF1   v. 2 , e. 2 34662-20 25.06.2020 25.06.2020 Libro y Folleto Colección Patrimonio Dominicano  
    Excluido de préstamo Raros y valiosos General General Depósito 13.10.2011 LF1   v. 2 34662-10 25.06.2020 25.06.2020 No se presta  

Powered by Koha